000 00576nam a2200193Ia 4500
005 20260114185634.0
008 008 260114s9999 xx 000 0 eng d
020 _a9780755603664
037 _aEBOOK
040 _aCRL
_beng
_cCRL
041 _aeng
_2eng
084 _qCRL
100 _aDavid Brewer
_9872553
245 0 _aGreece, the Decade of War Occupation, Resistance and Civil War
260 _bBloomsbury
_c2016
856 _uhttps://doi.org/10.5040/9780755603664?locatt=label:secondary_bloomsburyCollections
942 _cEBOOK
999 _c1471501
_d1471501